Pump hand book (Record no. 136763)

000 -LEADER
fixed length control field 00292nam a2200109Ia 4500
008 - FIXED-LENGTH DATA ELEMENTS--GENERAL INFORMATION
fixed length control field 220120s9999||||xx |||||||||||||| ||und||
100 ## - MAIN ENTRY--PERSONAL NAME
Personal name Kararsik, Igor
9 (RLIN) 11656
245 #0 - TITLE STATEMENT
Title Pump hand book
260 ## - PUBLICATION, DISTRIBUTION, ETC.
Place of publication, distribution, etc. Mcgraw hill book company
Name of publisher, distributor, etc. New Delhi
Date of publication, distribution, etc. 1985
300 ## - PHYSICAL DESCRIPTION
Other physical details 0
650 ## - SUBJECT ADDED ENTRY--TOPICAL TERM
Topical term or geographic name entry element PROGRAMMING LANGUAGE
Holdings
Withdrawn status Lost status Damaged status Not for loan Collection code Home library Current library Date acquired Barcode Date last seen Price effective from Koha item type
        Mechanical Engineering Central Library Central Library 01/20/2022 GF622 01/20/2022 01/20/2022 Gift Books

Powered by Koha